مع النجوم فى تطورها / (Record no. 15995)
[ view plain ]
| 000 -الفاتح | |
|---|---|
| حقل البيانات ثابتة الطول | 01043nam a22002417a 4500 |
| 008 - عناصر البيانات ثابتة الطول - معلومات عامة | |
| حقل البيانات ثابتة الطول | 110912t xxu||||| |||| 00| 0 ara d |
| 082 ## - رقم تصنيف ديوى العشرى | |
| رقم الطبعة | 22 |
| رقم التصنيف | 523.8 |
| رقم المادة | ج ا ب |
| 100 1# - المدخل الرئيسى - إسم شخصى | |
| 9 (RLIN) | 27111 |
| الإسم الشخصى | جابوشكين ، سيسليابين |
| 245 ## - بيان العنوان | |
| العنوان | مع النجوم فى تطورها / |
| بيان المسئوليه,etc | سيسليابين جابوشكين ؛ ترجمة صلاح الدين حامد ؛ مراجعة أحمد حامد |
| 260 ## - PUBLICATION, DISTRIBUTION, ETC. (IMPRINT) | |
| مكان الناشر او الموزع | القاهرة : |
| اسم الناشر او الموزع | مركز كتب الشرق الاوسط ، |
| تاريخ النشر أو التوزيع | [د . ت]. |
| 300 ## - الوصف المادى | |
| التعداد | 277 ص : |
| تفاصيل ماديه اخرى للوعاء | ايض ؛ |
| أبعاد الوعاء | 24 سم. |
| 336 ## - نوع المحتوى | |
| source | rdacontent |
| Carrier Type Term | نص |
| Content Type Code | txt |
| 337 ## - نوع الوسيط | |
| Media Type Term | بدون وسيط |
| source | rdamedia |
| Media Type Code | n |
| 338 ## - نوع الحامل أو الناقل | |
| Carrier Type Term | مجلد |
| Carrier Type Code | nc |
| source | rdacarrier |
| 490 #0 - بيان السلسلة | |
| -- | 14984 |
| عنوان السلسلة | الألف كتاب ؛ |
| -- | 180 |
| 504 ## - تبصرة ببليوجرافية | |
| تبصرة ببليوجرافية,الخ | بشتمل على إرجاعات ببليوجرافية 271 - 277 |
| 650 #0 - المدخل الاضافى بالموضوع-مصطلح موضوعى | |
| 9 (RLIN) | 8154 |
| مصطلح موضوعي أو اسم جغرافي كعنصر مدخل | النجوم |
| 650 #0 - المدخل الاضافى بالموضوع-مصطلح موضوعى | |
| 9 (RLIN) | 15148 |
| مصطلح موضوعي أو اسم جغرافي كعنصر مدخل | الفلك |
| 653 ## - مصطلح تكشيفى غير مقيد | |
| Resource For college | |
| Arrived date list | September2011 |
| 700 1# - المدخل الاضافى - اسم شخصى | |
| 9 (RLIN) | 27114 |
| الإسم الشخصى | حامد ، صلاح الدين |
| الدور | ترجمة |
| 700 1# - المدخل الاضافى - اسم شخصى | |
| 9 (RLIN) | 27116 |
| الإسم الشخصى | حماد ، أحمد |
| الدور | مراجعة |
| 942 ## - عناصر المدخل الإضافي( كوها) | |
| مصدر التصنيف او مخطط الترفيف | Dewey Decimal Classification |
| Koha [default] item type | Book - Borrowing |
| جزء التصنيف | RDA-MOD |
| حالة التراجع | حالة الفقد | مصدر التصنيف او خطة الترفيف | حالة تلف | ليس للاعارة | مجموعات كوها | المكان الدائم | المكان الحالي | موقع الترفيف | تاريخ الاكتساب | Source of acquisition | رقم الاستدعاء | الباركود | Date last seen | مُعار | نوع الوعاء |
|---|---|---|---|---|---|---|---|---|---|---|---|---|---|---|---|
| Dewey Decimal Classification | Alef-Baa | Central Library | Central Library | First floor | 12/09/2011 | 523.8 ج ا ب | 000024634 | 15/07/2025 | 13/10/2024 | Book - Borrowing |